| 000 | 00537nam a2200193Ia 4500 | ||
|---|---|---|---|
| 008 | 191130s2007##################000#0#eng## | ||
| 020 | _a9780745627748 | ||
| 040 |
_aACL _cACL |
||
| 082 | _a305 WHI | ||
| 100 | _aWhite, Stuart | ||
| 245 |
_aEquality _cStuart White |
||
| 260 |
_aCambridge ; Malden, Mass _bPolity _c2007 |
||
| 300 | _aix, 197p. : ill. ; 22 cm | ||
| 500 | _aIncludes bibliographical references and index | ||
| 650 | _aSocialism | ||
| 990 | _a8f4fa4d6ac10000c59e4be673e67732a | ||
| 991 | _a201690 | ||
| 999 |
_c260799 _d260799 |
||